Voormalige voetbalclubs - Statistieken

Algemene statistieken
  • Deze quiz is 50 keer genomen
  • De gemiddelde score is 6 van 12
Antwoordstatistieken
Stad Periode Club(antwoord) % Correct
Roosendaal 1912-2011 RBC Roosendaal
73%
Lokeren 1923-2020 KSC Lokeren
71%
Veendam 1972-2013 SC Veendam
69%
Haarlem 1889-2010 HFC Haarlem
64%
Oostende 1981-2024 KV Oostende
62%
Wageningen 1978-1992 FC Wageningen
58%
Lier 1906-2018 Lierse SK
58%
Apeldoorn 1954-1971/2003-2013 AGOVV Apeldoorn
51%
Schiedam 1955-1991 SVV Schiedam
31%
Bergen/Mons 1910-2015 RAEC Mons
20%
Moeskroen/Mouscron 2010-2022 Royal Excel Mouscron
16%
Willebroek 2000-2011 KVC Willebroek-Meerhof
9%
Geen overeenkomende quizzen gevonden
Scoreverdeling
Procent van Mensen met Elke Score
Percentiel versus Aantal Correcte Antwoorden
Uw Scoregeschiedenis
U heeft deze quiz nog niet genomen